1409 1493 1521 1842 1655 1758 1188 1346 1837 1486 1540 1379 1237 1984 1228 1989 1174 1227 1980 1335 1625 1592 1922 1515 1237 1008 1593 1534 1824 1403 1531 1690 1873 1400 1986 1487 1829 1424 1016 1508 1941 1030 1905 1364 1082 1781 1158 1319 1387 1885 1455 1984 1450 1033 1347 1720 1059 1821 1315 1692 1953 1010 1944 1142 1048 1704 1398 1788 1095 1315 1364 1730 1785 1386 1735 1498 1551 1798 1838 1826 1968 1390 1216 1213 2000 1754 1563 1786 1033 1448 1251 1456 1454 1297 1194 1178 1652 1526 1747 BCNSPRNW ULIB Ver.6.0+V

เปลี่ยนเป็นภาษาไทย

Change to English
 แสดงรายละเอียดบรรณานุกรม
  กลับหน้าหลัก

Brief Record : Get Marc (ISO 2709) : E-mail record : QR code < ปิดหน้าต่าง
LEADER : 00000nam 2200000uu 4500
001    13399121387
003     ULIB
008    121116s2010||||th 000 0 eng d
099    ^aวจ.WC515^bN161S
100 0  ^aNaiyana Praditsitthikorn
245 10 ^aSystematic review of economic evaluations on preparedness and interventions against influenza pandemics /^cNaiyana Praditsitthikorn ... [et al.] ; submitted by Health Intervention and Technology Assessment Program (HITAP)
246 24 ^aResearch report systematic review of economic evaluations on preparedness and interventions against influenza pandemics
260    ^aNonthaburi :^bHealth Intervention and Technology Assessment Program,^c2010
300    ^a52 p. :^bill. ;^c24 cm.
500    ^aSend to Single Search
536    ^aThis study was funded by a grant from the Global InfluenzaProgramme (GIP), World Health Organization
650  2 ^aInfluenza Pandemic^vresearch
650  2 ^aSystematic reviews (Medical research)
710 1  ^aThailand. ^bHealth Intervention and Technology Assessment Program
710 2  ^aWorld Health Organization. ^bGlobal Influenza Programme
945    ^p0^l0^i033122
995    ^a kesorn
999    ^aใช้งานได้ทุกระบบ
รายการนี้ยังไม่มีแท็ก
คุณยังไม่ได้ล็อกอิน คุณสามารถมีกิจกรรมร่วมกับเว็บไซต์ได้ แต่ต้องล็อกอินก่อน ::
  ล็อกอิน

รายการสื่อสารสนเทศ

ลำดับที่ ประเภท เลขเรียก/บาร์โค้ด สถานที่ สถานะ
1. งานวิจัย
งานวิจัย
วจ.WC515 N161S  
  Barcode: 033122
ห้องสมุดวิทยาเขตสวรรค์ประชารักษ์
►วิจัย
บนชั้น

BibComment


ยังไม่เคยถูกคอมเมนท์

คอมเมนท์ทรัพยากรรายการนี้
  คอมเมนท์: Systematic revie..


 Copyright 2026. Bcnsprnw @Library